Reconnaître un joueur après une carrière #3 - Statistiques

Statistiques générales
  • Ce quiz a été pris 86 fois
  • Le résultat moyen est 4 sur 5
Statistiques - réponses
Carrière Joueur % Correct
Manchester UnitedJuventus Manchester United Juventus As Monaco Pogba
95%
ReimsVejle Reims PSG Frankfurt Liverpool Ekitike
91%
MetzRB Salzburg Southampton Liverpool Bayern Munich Al Nassr Mane
86%
LyonFC Barcelona Lecce Lille Umtiti
74%
Manchester City Real Madrid AC Milan Real Madrid Brahim Diaz
47%
Aucun quiz correspondant
Distribution des résultats
% des personnes avec chaque résultat
Percentile par nombre de réponses
Votre historique - résultats
Vous n’avez pas pris ce quiz